Statistics for Countries With Less Than 100,000 People

Click here to take the quiz!

General Stats

  • This quiz has been taken 25 times
  • The average score is 11 of 13

Answer Stats

Pop.Country% Correct
39,242Monaco
100%
801Vatican City
100%
38,128Liechtenstein
96%
33,931San Marino
96%
77,265Andorra
91%
10,824Nauru
91%
11,792Tuvalu
91%
59,190Marshall Islands
83%
18,094Palau
83%
53,199Saint Kitts and Nevis
78%
97,929Antigua and Barbuda
61%
71,986Dominica
61%
98,347Seychelles
48%

Score Distribution

Percentile by Number Answered

Percent of People with Each Score

Your Score History

You have not taken this quiz